[Event "HCL-C221"]
[Site "www.playchess.de"]
[Date "2001.04.23"]
[Round "5"]
[White "lienk"]
[Black "Flay"]
[WhiteElo "1070"]
[BlackElo "1295"]
[PlyCount "80"]
[Result "0-1"]

1.e4 e5 2.Nf3 Nc6 3.Bb5 a6 4.Bc4 b5 5.Bd5 Nf6 
6.Bxc6 dxc6 7.d3 Bc5 8.h3 O-O 9.Bg5 Re8 10.O-O h6 
11.Bh4 a5 12.Nc3 a4 13.a3 b4 14.axb4 Bxb4 15.Nxa4 
g5 16.Bg3 Bb7 17.Nxe5 Bd6 18.Qf3 Bxe5 19.Nc5 Rxa1 
20.Rxa1 Ba8 21.Qf5 Bxb2 22.Ra5 Bd4 23.Na6 Bb6 
24.Ra4 Bb7 25.Be5 Nd7 26.d4 Nxe5 27.dxe5 Qd1+ 
28.Kh2 Qxc2 29.Ra3 Bxa6 30.Rxa6 Qc4 31.Ra3 Qe6 
32.f4 Qxf5 33.exf5 gxf4 34.g3 Rxe5 35.g4 Re3 
36.Ra1 Re2+ 37.Kh1 f3 38.Rf1 f2 39.Kg2 Re1 40.Rxf2 
Bxf2 0-1

[Event "HCL-B225"]
[Site "www.playchess.de"]
[Date "2001.04.23"]
[Round "3"]
[White "Bohem_35"]
[Black "Mother_Teresa"]
[WhiteElo "1200"]
[BlackElo "1197"]
[PlyCount "102"]
[Result "0-1"]

1.e4 e5 2.Nf3 Nc6 3.Bc4 Bc5 4.O-O {symetrical 
variation ?}  Nf6 5.d3 O-O 6.Bg5 d6 7.h3 a6 8.Nc3 
h6 9.Bxf6 Qxf6 10.Nd5 Qd8 11.a3 b5 12.b4 Ba7 
13.Bb3 Nd4 14.Nxd4 Bxd4 15.Rc1 c6 16.c3 Ba7 17.Ne3 
Bxe3 18.fxe3 Kh7 19.Qh5 Qe7 20.Rf2 g6 21.Qe2 a5 
22.Rcf1 Be6 23.Qa2 Bxb3 24.Qxb3 f6 25.Ra1 Qf7 
26.c4 a4 27.Qc3 Qa7 28.d4 Kg7 29.c5 g5 30.d5 Qc7 
31.cxd6 Qxd6 32.Qxc6 Qxc6 33.dxc6 Rfc8 34.Rc1 Ra6 
35.c7 Kf7 36.Rd2 Ke7 37.Kf2 Rd6 38.Rd5 Rb6 39.Kg3 
Rb7 40.Kf3 Rcxc7 41.Rxc7+ Rxc7 42.Rxb5 Rc3 43.Ra5 
Rxa3 44.b5 Rb3 45.Ra7+ Ke6 46.Ra6+ Ke7 47.b6 a3 
48.Ra7+ Kd8 49.Ra8+ Kd7 50.Ra7+ Kc8 51.Ra6 
Kb7 0-1

[Event "HCL-C224"]
[Site "www.playchess.de"]
[Date "2001.04.23"]
[Round "10"]
[White "Buddha"]
[Black "Sirob11"]
[WhiteElo "1000"]
[BlackElo "999"]
[PlyCount "47"]
[Result "1-0"]

1.e4 {Hello there.}  e5 {hello}  2.Nf3 Nc6 3.Bb5 
Nf6 4.O-O Bc5 5.c3 Nxe4 6.d4 exd4 7.Nxd4 O-O 8.Be3 
Bd6 9.Nxc6 bxc6 10.Bd3 Bxh2+ 11.Kxh2 Re8 12.Bxe4 
Qh4+ 13.Kg1 Qxe4 14.Nd2 Qe6 15.Nf3 d5 16.Nd4 Qg6 
17.Qf3 Rb8 18.Nxc6 Qxc6 19.b3 Qb7 20.Bd4 c6 21.Qg3 
g6 22.Rfe1 Be6 23.Qh4 f6 24.Qxf6 {Next move mate.} 
 1-0

[Event "HCL-B224"]
[Site "www.playchess.de"]
[Date "2001.04.23"]
[Round "22"]
[White "sonnygarcia"]
[Black "Pietros"]
[WhiteElo "1124"]
[BlackElo "1366"]
[PlyCount "48"]
[Result "0-1"]

1.e4 e5 2.Nf3 Nc6 3.Bb5 f6 4.d4 a6 5.Bxc6 dxc6 
6.Nxe5 fxe5 7.Qh5+ Kd7 8.Qf5+ Ke8 9.Qxe5+ Ne7 
10.Bg5 Qd6 11.Bf4 Qxe5 12.Bxe5 c5 13.dxc5 Nc6 
14.Bxc7 Bxc5 15.Nc3 Nb4 16.Rc1 Bg4 17.f3 Be6 18.a3 
Be3 19.Rd1 Nxc2+ 20.Ke2 Bc4+ 21.Rd3 Bh6 22.Rc1 
Bxc1 23.Be5 Bxb2 24.a4 Nb4 0-1

[Event "HCL-A103"]
[Site "www.playchess.de"]
[Date "2001.04.23"]
[Round "7"]
[White "Tiger"]
[Black "faaus"]
[WhiteElo "1700"]
[BlackElo "1700"]
[PlyCount "74"]
[Result "0-1"]

1.e4 c5 2.Nf3 d6 3.d4 cxd4 4.Nxd4 Nf6 5.Nc3 e6 
6.Bg5 Be7 7.f4 h6 8.Bxf6 Bxf6 9.Ndb5 Be7 10.Be2 a6 
{Thank you for your offer but I want to play a 
little more}  11.Nd4 Qb6 12.Nb3 Nc6 13.Qd2 Qc7 
14.O-O-O {I would do this proposition again in 5 
moves}  b5 15.a3 O-O 16.Rhe1 {i had think very 
much about it}  b4 17.axb4 Nxb4 18.g3 Bd7 19.Qd4 
a5 20.Rd2 Rfc8 21.Kb1 Rab8 22.e5 d5 23.Qe3 a4 
24.Na1 Qb7 25.Nd1 Bc5 26.Qf3 Bc6 27.Qc3 Qb6 28.Bf1 
d4 29.Qc4 Bd5 30.Qe2 d3 31.Rxd3 Ba2+ 32.Kc1 Nxd3+ 
33.Qxd3 a3 34.b3 Bd4 35.c3 Bxb3 36.Nxb3 Qxb3 
37.Qxd4 a2 0-1

[Event "ACL-A119"]
[Site "www.playchess.de"]
[Date "2001.04.23"]
[Round "7"]
[White "esad"]
[Black "guerino"]
[WhiteElo "1264"]
[BlackElo "1325"]
[PlyCount "44"]
[Result "0-1"]

1.e4 c5 2.Nc3 Nc6 3.d3 Nf6 4.Nf3 d6 5.h3 g6 6.Be3 
Bg7 7.Be2 O-O 8.Qd2 a6 9.O-O b5 10.a3 Bb7 11.d4 
cxd4 12.Nxd4 Qc7 13.Bf3 Rac8 14.Bg4 Nxg4 15.hxg4 
Ne5 16.Qe2 Nc4 17.Rab1 Qd7 18.Nd5 Nxe3 19.Qxe3 
Bxd4 20.Qxd4 Rc4 21.Qf6 Bxd5 22.exd5 
exf6 0-1

[Event "HCL-A101"]
[Site "www.playchess.de"]
[Date "2001.04.23"]
[Round "22"]
[White "THE-WARRIOR"]
[Black "Rifleman"]
[WhiteElo "1314"]
[BlackElo "1497"]
[PlyCount "52"]
[Result "1/2-1/2"]

1.e4 g6 {Have a good game.}  2.d4 Bg7 3.c4 d6 {:}  
4.f4 Nf6 5.Nc3 O-O 6.Nf3 c5 7.d5 e6 8.Be2 exd5 
9.exd5 Re8 10.O-O Bg4 11.h3 Bxf3 12.Bxf3 Na6 
13.Rb1 Nc7 14.Bd2 a6 15.Qb3 b5 16.Rbe1 bxc4 
17.Qxc4 Rxe1 18.Rxe1 Nb5 19.Nxb5 axb5 20.Qc2 Rxa2 
21.Qb3 Ra8 22.Qd3 Nd7 23.Bc3 Bxc3 24.bxc3 b4 
25.cxb4 cxb4 26.Rb1 Qb6+ 1/2-1/2

[Event "HCL-B240"]
[Site "www.playchess.de"]
[Date "2001.04.23"]
[Round "9"]
[White "Michael_Schenk"]
[Black "Inge_Heumann"]
[WhiteElo "1228"]
[BlackElo "1895"]
[PlyCount "109"]
[Result "1/2-1/2"]

1.e4 {Hallo aus Hamburg. Viel Spass!}  e6 {Hi! Bin 
zur Zeit in Karlsruhe, aber auch Hamburger. Dann 
wollen wir mal ne gute Partie hinzaubern;-)}  2.d4 
{okay ;-)}  d5 3.e5 c5 4.c3 Nc6 5.Nf3 Qb6 6.a3 
cxd4 7.cxd4 Nge7 8.Bd3 Bd7 9.Bc2 Rc8 10.Nc3 Ng6 
11.O-O Be7 12.Rb1 Qd8 13.Be3 Nf8 14.b4 Nxb4 
15.axb4 Rxc3 16.Qd2 Ra3 17.Rfc1 Ng6 18.Bd3 O-O 
19.Rb2 Ra4 20.Bg5 Bxg5 21.Nxg5 Qb6 22.Nf3 Bb5 
23.Bxb5 Qxb5 24.Ne1 Ne7 25.Rc5 Qb6 26.Ra5 Rxa5 
27.bxa5 Qc7 28.Qb4 Nc6 29.Qxb7 Qxb7 30.Rxb7 Nxd4 
31.a6 Nc6 32.f4 Rc8 33.Nd3 Kf8 34.Kf2 Rb8 35.Nb4 
Rxb7 36.axb7 Nb8 37.Ke3 Ke8 38.f5 Kd7 39.fxe6+ 
fxe6 40.Nd3 Kc6 41.Nf4 Kxb7 42.Nxe6 Nc6 43.Nxg7 
Nxe5 44.Kd4 Kc6 45.Kxe5 {Grosses Fragezeichen in 
meinen Augen ...}  Kc5 46.Nf5 a5 47.Ne3 {Kleine 
Endspielstudie ;-)}  d4 48.Nc2 Kc4 49.Nxd4 a4 
50.Ke4 a3 51.h4 a2 52.Nc2 Kc3 53.Na1 h5 54.g3 Kb2 
55.Kd3 1/2-1/2

[Event "HCL-B246"]
[Site "www.playchess.de"]
[Date "2001.04.23"]
[Round "7"]
[White "Ciociosan"]
[Black "Lenny"]
[WhiteElo "1841"]
[BlackElo "1200"]
[PlyCount "51"]
[Result "1-0"]

1.e4 e5 2.Nf3 Nf6 3.Nxe5 Qe7 4.d4 d6 5.Nf3 Qxe4+ 
6.Be2 Qg6 7.O-O Bh3 8.Nh4 Qe4 9.Bf3 Qxh4 10.Bxb7 
Qg4 11.Bxa8 c6 12.Re1+ Be7 13.Qxg4 Bxg4 14.c4 O-O 
15.Rxe7 Re8 16.Rxe8+ Nxe8 17.Bf4 Nd7 18.Bxc6 Ndf6 
19.Nc3 Nh5 20.Re1 Nef6 21.Bxd6 g6 22.Nd5 Kg7 23.f3 
Be6 24.Be5 g5 25.g4 Nf4 26.Nxf6 1-0

[Event "HCL-C239"]
[Site "www.playchess.de"]
[Date "2001.04.23"]
[Round "8"]
[White "raayasa"]
[Black "Trickster"]
[WhiteElo "1000"]
[BlackElo "904"]
[PlyCount "20"]
[Result "0-1"]

1.e4 {hi trickster,i am from india.what about 
you.all the best for this game}  e5 {Hi, I'm from 
Wales.  Good luck}  2.Nf3 {where is wales?,}  d6 
{In the United Kingdom.  It is a country of its 
own bordering England}  3.Bd3 {hi trickster,my 
brother is in uk only.he is in northampton 
now.bye}  Nf6 4.O-O Be7 5.Nc3 Ng4 6.h3 Nf6 7.Bb5+ 
c6 8.Ba4 O-O 9.Ng5 b5 10.Bb3 Qb6 0-1

[Event "HCL-A110"]
[Site "www.playchess.de"]
[Date "2001.04.23"]
[Round "10"]
[White "deadeasy"]
[Black "n4337m"]
[WhiteElo "1902"]
[BlackElo "1700"]
[PlyCount "53"]
[Result "1-0"]

1.d4 Nf6 2.Nc3 d5 3.e4 dxe4 4.f3 exf3 5.Nxf3 Bf5 
6.Ne5 e6 7.g4 Bg6 8.Qf3 c6 9.g5 Bh5 10.Qf4 Nd5 
11.Qh4 g6 12.Qf2 Qe7 13.Ne4 Bg7 14.Nd6+ Qxd6 
15.Qxf7+ Kd8 16.Qxg7 Rf8 17.Nf7+ Rxf7 18.Qxf7 Qb4+ 
19.c3 Nxc3 20.Qf6+ Kd7 21.bxc3 Qxc3+ 22.Kf2 b5 
23.d5 Qc2+ 24.Kg3 exd5 25.Bh3+ Kc7 26.Bf4+ Kb6 
27.Qd8+ 1-0

[Event "HCL-B252"]
[Site "www.playchess.de"]
[Date "2001.04.23"]
[Round "4"]
[White "Dlastdon"]
[Black "hassell"]
[WhiteElo "1339"]
[BlackElo "1681"]
[PlyCount "58"]
[Result "0-1"]

1.c4 Nf6 2.Nc3 g6 3.e4 Bg7 4.Nf3 d6 5.g3 O-O 6.Bg2 
c6 7.O-O Nbd7 8.d3 e5 9.Bg5 h6 10.Bxf6 Qxf6 11.Qe2 
Nc5 12.b4 Ne6 13.Bh3 Nd4 14.Nxd4 Bxh3 15.Rfe1 exd4 
16.Nd1 Rae8 17.Rc1 Qe5 18.f4 Qf6 19.Nf2 Bd7 20.c5 
d5 21.e5 Qf5 22.Qb2 g5 23.Qxd4 f6 24.g4 fxe5 
25.fxe5 Qxe5 26.Rxe5 Bxe5 27.Qe3 Bxh2+ 28.Kxh2 
Rxe3 29.Rd1 Rxf2+ 0-1

[Event "HCL-C248"]
[Site "www.playchess.de"]
[Date "2001.04.23"]
[Round "30"]
[White "nikolayk"]
[Black "Purple_Eagle00"]
[WhiteElo "1176"]
[BlackElo "1125"]
[PlyCount "34"]
[Result "1/2-1/2"]

1.e4 e5 2.Nf3 Nc6 3.d4 d5 4.dxe5 dxe4 5.Qxd8+ Nxd8 
6.Ng5 Bf5 7.Nc3 f6 8.exf6 Nxf6 9.Bc4 h6 10.Nh3 Nc6 
11.Be3 O-O-O 12.Nf4 Bb4 13.O-O Ng4 14.Be6+ Bxe6 
15.Nxe6 Rd7 16.Nb5 Nxe3 17.fxe3 
Ba5 1/2-1/2

[Event "HCL-C248"]
[Site "www.playchess.de"]
[Date "2001.04.23"]
[Round "35"]
[White "Purple_Eagle00"]
[Black "E_T_"]
[WhiteElo "1125"]
[BlackElo "1294"]
[PlyCount "24"]
[Result "0-1"]

1.e4 e5 2.Nf3 Nc6 3.Bc4 h6 4.d4 exd4 5.Nxd4 Ne5 
6.Bb3 Nf6 7.Nc3 c5 8.Nf3 c4 9.Ba4 Nxf3+ 10.Qxf3 
Qa5 11.b4 Bxb4 12.Bxh6 Bxc3+ 0-1

[Event "HCL-B257"]
[Site "www.playchess.de"]
[Date "2001.04.23"]
[Round "1"]
[White "raichu"]
[Black "supercazzola"]
[WhiteElo "1850"]
[BlackElo "1574"]
[PlyCount "40"]
[Result "1/2-1/2"]

1.d4 {Ciao sono di Ferrara}  Nf6 {Mandami una 
e-mail a: cistianoquaranta@tin.it così possiamo 
chattare. Ciaoe buon gioco!}  2.c4 g6 3.Nc3 d5 
4.cxd5 Nxd5 5.e4 Nxc3 6.bxc3 Bg7 7.Bc4 c5 8.Be3 
Qa5 9.Ne2 Nc6 10.O-O O-O 11.f3 Rd8 12.Qb3 e6 
13.Rad1 cxd4 14.cxd4 Qc7 15.Qc2 Qd6 16.d5 Nb4 
17.Qb3 exd5 18.Bxd5 Nxd5 19.Rxd5 Qe7 20.Rxd8+ 
Qxd8 1/2-1/2

[Event "HCL-B257"]
[Site "www.playchess.de"]
[Date "2001.04.23"]
[Round "5"]
[White "chucaniam"]
[Black "supercazzola"]
[WhiteElo "1397"]
[BlackElo "1574"]
[PlyCount "26"]
[Result "0-1"]

1.e4 e5 2.Nf3 Nf6 3.Nc3 Bb4 4.Bc4 Nc6 5.O-O O-O 
6.d3 d6 7.Bg5 Bxc3 8.bxc3 h6 9.Bc1 a6 10.a4 Be6 
11.Bb3 b6 12.Ba3 Qd7 13.Re1 Rfe8 0-1

[Event "HCL-B257"]
[Site "www.playchess.de"]
[Date "2001.04.23"]
[Round "6"]
[White "herrDokter"]
[Black "chucaniam"]
[WhiteElo "1200"]
[BlackElo "1397"]
[PlyCount "33"]
[Result "1-0"]

1.e4 e5 2.Nf3 {goodluck}  Nc6 3.Nc3 Nf6 4.g3 d5 
5.a4 dxe4 6.Ng5 Bg4 7.Be2 Bxe2 8.Qxe2 Be7 9.Kf1 
Nd4 10.Qc4 O-O 11.d3 Nxc2 12.Ra2 exd3 13.f4 d2 
14.Kf2 dxc1Q {%}  15.Rxc1 {&}  Qd2+ 16.Qe2 Qxc1 
{@}  17.h4 1-0

[Event "HCL-C255"]
[Site "www.playchess.de"]
[Date "2001.04.23"]
[Round "32"]
[White "MEATHEAD"]
[Black "Hubb"]
[WhiteElo "1083"]
[BlackElo "1101"]
[PlyCount "108"]
[Result "0-1"]

1.e4 e5 2.Nf3 Nf6 3.Bc4 Nc6 4.Ng5 d5 5.exd5 Na5 
6.Bb5+ c6 7.dxc6 bxc6 8.Ba4 h6 9.Nf3 e4 10.Ne5 Qd4 
11.Nxc6 Qxa4 12.Nxa5 Qxa5 13.Nc3 Bg4 14.f3 exf3 
15.gxf3 Qe5+ 16.Qe2 Qxe2+ 17.Kxe2 Bh5 18.d3 O-O-O 
19.Nb5 Rd7 20.Bd2 Bc5 21.b4 Re8+ 22.Kf1 Bb6 23.Rg1 
Bxg1 24.Kxg1 Bxf3 25.Kf2 Bc6 26.Na3 Ne4+ 27.Ke2 
Nxd2+ 28.Kxd2 f5 29.b5 Bf3 30.Rb1 Re2+ 31.Kc3 Rxh2 
32.b6 axb6 33.Rxb6 Rc7+ 34.Kd4 Re2 35.Nc4 Rxc4+ 
36.Kxc4 Rxc2+ 37.Kd4 Rxa2 38.Ke3 Bh1 39.Rg6 Rg2 
40.Rxg2 Bxg2 41.Kf4 g6 42.d4 Kd7 43.Ke5 Ke7 44.d5 
Bxd5 45.Kxd5 Kf6 46.Kd4 Kg5 {Checkmate in errr...I 
guess +/- 10 moves !}  47.Ke5 Kg4 48.Kf6 f4 
49.Kxg6 f3 50.Kxh6 f2 51.Kg6 f1Q {%}  52.Kg7 Kg5 
53.Kh7 Qf6 54.Kg8 Qe7 {Qe7 Kh8 Kg6 Kg8 Qg7#} 
 0-1

[Event "HCL-B259"]
[Site "www.playchess.de"]
[Date "2001.04.23"]
[Round "18"]
[White "Olaf"]
[Black "lonewolf"]
[WhiteElo "1500"]
[BlackElo "1613"]
[PlyCount "20"]
[Result "0-1"]

1.c4 Nf6 2.Nc3 g6 3.d4 d5 4.cxd5 Nxd5 5.e4 Nxc3 
6.bxc3 c5 7.Be3 Bg7 8.Qa4+ Nc6 9.Bb5 Bd7 10.Rb1 
a6 0-1

[Event "CCL-E017"]
[Site "www.playchess.de"]
[Date "2001.04.23"]
[Round "3"]
[White "G9_us"]
[Black "therayder"]
[WhiteElo "2267"]
[BlackElo "2000"]
[PlyCount "53"]
[Result "1-0"]

1.e4 Nf6 2.e5 Nd5 3.c4 Nb6 4.d4 d5 5.c5 Nc4 6.Nc3 
e6 7.Nf3 Be7 8.Bxc4 dxc4 9.Qa4+ c6 10.Qxc4 b5 
11.Qe2 O-O 12.Ne4 Qa5+ 13.Bd2 b4 14.Qc4 Na6 15.Nd6 
Bxd6 16.exd6 Bd7 17.Ne5 Nb8 18.O-O Bc8 19.Rfe1 Ba6 
20.Qb3 Qb5 21.Qg3 Bc8 22.Bh6 g6 23.Qh4 f6 24.Bxf8 
g5 25.Qh6 Qb7 26.d7 Bxd7 27.Qg7+ 1-0

[Event "HCL-B261"]
[Site "www.playchess.de"]
[Date "2001.04.23"]
[Round "6"]
[White "chucaniam"]
[Black "kjasig"]
[WhiteElo "1397"]
[BlackElo "1200"]
[PlyCount "36"]
[Result "0-1"]

1.e4 c5 2.Nf3 d6 3.d4 cxd4 4.Nxd4 e5 5.Nf3 a6 
6.Bc4 Nf6 7.Nc3 g6 8.Bg5 Bg7 9.O-O O-O 10.Qd2 Re8 
11.Bh6 Be6 12.Bxe6 Rxe6 13.Bxg7 Kxg7 14.Rad1 Nc6 
15.Ng5 Re7 16.Qxd6 Qxd6 17.Rxd6 Rd7 18.Rxd7 
Nxd7 0-1

[Event "HCL-B260"]
[Site "www.playchess.de"]
[Date "2001.04.23"]
[Round "20"]
[White "dg"]
[Black "Jags2001"]
[WhiteElo "1167"]
[BlackElo "1200"]
[PlyCount "81"]
[Result "1-0"]

1.e4 e5 {hi}  2.Nf3 Nc6 3.Bb5 a6 4.Bxc6 dxc6 5.d3 
Bg4 6.h3 Bh5 7.g4 Bg6 8.Nxe5 Qh4 9.Bf4 O-O-O 
10.Qd2 Bxe4 11.Bg5 Qxg5 {nice move}  12.Qxg5 Bxh1 
13.Nxf7 Re8+ 14.Kd2 Bb4+ 15.c3 Be7 16.Qf5+ Kb8 
17.Nxh8 Nh6 18.Qxh7 Bg5+ 19.Kc2 Re2+ 20.Kb3 Bd5+ 
21.c4 Bg8 22.Nc3 Bxh7 23.Nxe2 Bxd3 24.Nc3 Bf6 
25.Re1 b5 26.cxb5 cxb5 27.Rd1 Bc4+ 28.Kc2 Kb7 
29.Ng6 Nf7 30.f4 Nd6 31.b3 Bg8 32.Nd5 Bxd5 33.Rxd5 
Ne4 34.g5 Ba1 35.h4 Nd6 36.h5 Kc6 37.Re5 Bxe5 
38.Nxe5+ Kd5 39.h6 gxh6 40.gxh6 Ne8 
41.h7 1-0

[Event "HCL-B267"]
[Site "www.playchess.de"]
[Date "2001.04.23"]
[Round "2"]
[White "SAROS"]
[Black "Albixa"]
[WhiteElo "1276"]
[BlackElo "1500"]
[PlyCount "77"]
[Result "1/2-1/2"]

1.e4 {wellcome to playchess , you will enjoy :-)}  
c5 { nice meet you in our tournament}  2.c3 {i 
wished being champ Portugal Football Team  at 
Euro2000  but they was unlucky}  Nc6 {It's true, 
the Portugal team is the best in Euro 2000}  3.Nf3 
{I had met a man an e-mail chess game named 
F.C.A.Rodriguez working  at Kenya Chess Fed.as 
President}  e6 4.Bb5 Nce7 5.d4 cxd4 6.cxd4 h6 
7.O-O a6 8.Ba4 Ng6 9.Nc3 b5 10.Bb3 Bb7 11.Re1 Bb4 
12.a3 Ba5 13.Bd2 N8e7 14.d5 Bxc3 15.Bxc3 O-O 
16.dxe6 dxe6 17.Qxd8 Raxd8 18.Nd2 Rfe8 19.f3 Nf4 
20.Bc2 Nc6 21.Rad1 a5 22.b4 a4 23.Nf1 Rdc8 24.Rdc1 
Red8 25.Bd2 Nd3 26.Bxd3 Rxd3 27.Re3 Rcd8 28.Rxd3 
Rxd3 29.Kf2 Rd6 30.Rc5 Nd4 31.Be3 Ba6 32.Bxd4 Rxd4 
33.Ke2 Rd6 34.Ne3 f6 35.f4 Rb6 36.g3 Bb7 37.e5 f5 
38.Nc2 Bd5 39.Nd4 1/2-1/2

[Event "HCL-A120"]
[Site "www.playchess.de"]
[Date "2001.04.23"]
[Round "10"]
[White "Flemming"]
[Black "Hajtman"]
[WhiteElo "1848"]
[BlackElo "1700"]
[PlyCount "41"]
[Result "1-0"]

1.d4 g6 2.c4 Bg7 3.Nc3 Nf6 4.e4 d6 5.f3 O-O 6.Be3 
Nbd7 7.Qd2 c5 8.Nge2 Qa5 9.O-O-O Nb6 10.Nf4 Na4 
11.Ncd5 Qxd2+ 12.Rxd2 Nxd5 13.Nxd5 e6 14.Ne7+ Kh8 
15.b3 cxd4 16.Bxd4 Nb6 17.Bxg7+ Kxg7 18.Rxd6 Bd7 
19.c5 Rfe8 20.cxb6 Rxe7 21.bxa7 1-0

[Event "HCL-B270"]
[Site "www.playchess.de"]
[Date "2001.04.23"]
[Round "1"]
[White "TAJNI_DOBROVOLJCI"]
[Black "SAROS"]
[WhiteElo "1500"]
[BlackElo "1260"]
[PlyCount "67"]
[Result "1-0"]

1.e4 {merhaba...and good luck!}  c6 {merhaba , 
sana da iyi þanslar}  2.d4 {could you translate 
that in english,please...i know just a few turkish 
words...}  e6 {i said that i wished you good luck 
too}  3.Nf3 {Thank You}  d6 4.Bd3 Be7 5.Bf4 Qb6 
6.Qc1 c5 7.c3 Nf6 8.O-O Nbd7 9.Na3 cxd4 10.cxd4 
O-O 11.Nc4 Qd8 12.Nxd6 Bxd6 13.Bxd6 Re8 14.Qc2 Nb6 
15.e5 Nfd5 16.Bxh7+ Kh8 17.Be4 Bd7 18.Qe2 a6 19.h4 
Bb5 20.Bd3 Nf4 21.Qd1 Bxd3 22.Re1 Bf5 23.Ng5 Nc4 
24.Nxf7+ Kg8 25.Nxd8 Raxd8 26.b3 Nxd6 27.exd6 Rxd6 
28.Qf3 Rxd4 29.Qxb7 a5 30.Red1 Red8 31.Rxd4 Rxd4 
32.Qb6 Rd5 33.Qb8+ Kh7 34.Qxf4 1-0

[Event "HCL-C266"]
[Site "www.playchess.de"]
[Date "2001.04.23"]
[Round "8"]
[White "flywheel"]
[Black "Flunki"]
[WhiteElo "1213"]
[BlackElo "1000"]
[PlyCount "39"]
[Result "1-0"]

1.e4 e5 2.Nf3 Nc6 3.Bb5 Nf6 4.d3 d5 5.Nxe5 Bd7 
6.Nc3 Bd6 7.Nxc6 bxc6 8.Ba4 dxe4 9.dxe4 Bc5 10.Bg5 
h6 11.Bh4 g5 12.Bg3 Qe7 13.Qf3 O-O-O 14.O-O-O Bg4 
15.Rxd8+ Rxd8 16.Nd5 cxd5 17.Qb3 dxe4 18.h3 Bd7 
19.Bb5 h5 20.Ba6+ 1-0

[Event "HCL-A121"]
[Site "www.playchess.de"]
[Date "2001.04.23"]
[Round "4"]
[White "Tarrega"]
[Black "Eaglewingz"]
[WhiteElo "1690"]
[BlackElo "1535"]
[PlyCount "45"]
[Result "1-0"]

1.e4 e5 {Hello, and good luck!}  2.d4 {Hi and lets 
have an interesting game}  exd4 3.Nf3 Nc6 4.c3 d5 
5.exd5 Qxd5 6.cxd4 Bb4+ 7.Nc3 Bg4 8.Be2 Bxf3 
9.Bxf3 Qc4 10.Bxc6+ bxc6 11.Qe2+ Qxe2+ 12.Kxe2 
O-O-O 13.Be3 Ne7 14.Kd3 Rhe8 15.Kc4 Bd6 16.f3 Nd5 
17.Nxd5 cxd5+ 18.Kd3 Re6 19.g3 Rde8 20.Bd2 c5 
21.dxc5 Bxc5 22.Rac1 Rc6 23.b4 1-0

[Event "HCL-C270"]
[Site "www.playchess.de"]
[Date "2001.04.23"]
[Round "10"]
[White "jonax"]
[Black "MEATHEAD"]
[WhiteElo "1000"]
[BlackElo "955"]
[PlyCount "31"]
[Result "1-0"]

1.e4 e5 2.Nf3 Nc6 3.Bb5 Nf6 4.O-O a6 5.Ba4 b5 
6.Bb3 Nxe4 7.Re1 f5 8.d3 Nc5 9.Nxe5 Nxe5 10.Rxe5+ 
Be7 11.Bg5 Ne6 12.Nc3 Nxg5 13.Qh5+ Kf8 14.h4 d6 
15.hxg5 dxe5 16.Qf7+ 1-0

[Event "HCL-A126"]
[Site "www.playchess.de"]
[Date "2001.04.23"]
[Round "2"]
[White "Tinho"]
[Black "kazimierski"]
[WhiteElo "1846"]
[BlackElo "1800"]
[PlyCount "33"]
[Result "1-0"]

1.e4 {Hi Kazi, shake hands}  e5 {Hi}  2.Nf3 f5 
3.Nxe5 {`}  Nc6 4.Qh5+ g6 5.Nxg6 Nf6 6.Qh3 fxe4 
7.Nxh8 d5 8.Qg3 Nd4 9.Qc3 Ne6 10.d3 Bg7 11.Nf7 
Kxf7 12.Qe5 c6 13.Nc3 Kg8 14.Bg5 Nxg5 15.Qxg5 Qb6 
16.O-O-O Ng4 17.Qxg4 1-0

[Event "HCL-M017"]
[Site "www.playchess.de"]
[Date "2001.04.23"]
[Round "11"]
[White "cmelo"]
[Black "florish"]
[WhiteElo "2200"]
[BlackElo "2200"]
[PlyCount "50"]
[Result "0-1"]

1.d4 d5 2.Bg5 h6 3.Bh4 c6 4.e3 Qb6 5.Qc1 e5 6.Nf3 
exd4 7.exd4 Be7 8.Bg3 Nf6 9.Bd3 O-O 10.O-O Bg4 
11.Nbd2 Nh5 12.Re1 Nxg3 13.Rxe7 Nf5 14.Bxf5 Bxf5 
15.c4 Nd7 16.Re3 dxc4 17.Nxc4 Qc7 18.Qc3 Be6 
19.Rae1 Nf6 20.R3e5 Rfe8 21.h3 Qd7 22.R5e2 Bxc4 
23.Qxc4 Rxe2 24.Rxe2 Re8 25.Qc5 
Rxe2 0-1

[Event "HCL-C279"]
[Site "www.playchess.de"]
[Date "2001.04.23"]
[Round "5"]
[White "nikolayk"]
[Black "jpechie"]
[WhiteElo "1117"]
[BlackElo "1000"]
[PlyCount "43"]
[Result "1-0"]

1.e4 e5 2.Nf3 Nc6 3.Bc4 Nf6 4.Ng5 d5 5.exd5 Nxd5 
6.Qf3 Qd7 7.Bxd5 f6 8.Nf7 Rg8 9.Nd6+ Qxd6 10.Bxg8 
h6 11.Nc3 Be6 12.Bxe6 Qxe6 13.d3 O-O-O 14.Be3 Nb4 
15.Qe2 a6 16.a3 Nd5 17.Nxd5 Qxd5 18.O-O e4 19.Rad1 
Qb5 20.b4 exd3 21.Rxd3 Rxd3 22.Qxd3 1-0

[Event "HCL-B283"]
[Site "www.playchess.de"]
[Date "2001.04.23"]
[Round "8"]
[White "hercules"]
[Black "sintetio"]
[WhiteElo "1200"]
[BlackElo "1500"]
[PlyCount "49"]
[Result "1-0"]

1.d4 Nf6 2.c4 e6 3.Nf3 Bb4+ 4.Nc3 O-O 5.e3 c5 
6.Bd3 cxd4 7.exd4 d6 8.O-O Nbd7 9.Qb3 Ba5 10.Bg5 
a6 11.Rad1 Rb8 12.Bf4 Bc7 13.Rfe1 Re8 14.Qa3 e5 
15.Bg5 h6 16.Bxf6 Nxf6 17.dxe5 Nd7 18.exd6 Rxe1+ 
19.Rxe1 Bb6 20.Ne4 Ba7 21.b4 f5 22.Ng3 f4 23.Nf5 
Qf8 24.Ne7+ Qxe7 25.dxe7 1-0

[Event "ACL-A153"]
[Site "www.playchess.de"]
[Date "2001.04.23"]
[Round "5"]
[White "Dubious_Logic"]
[Black "mel"]
[WhiteElo "1500"]
[BlackElo "1500"]
[PlyCount "71"]
[Result "1-0"]

1.c4 {my best wishes on an enjoyable game and 
match!}  d5 2.cxd5 Qxd5 3.Nc3 Qd7 4.Nf3 Nc6 5.d4 
{I realize that every pawn move creates a 
weakness, but this was getting ridiculous :)}  Nf6 
6.d5 Nb4 {oh well}  7.e4 e6 {the fact that pawn,  
would leaveone side,  light squares too weak 
orwhatever}  8.a3 Nbxd5 9.exd5 Bd6 10.Bb5 c6 
11.dxc6 bxc6 12.Bc4 O-O 13.O-O Bb7 14.Bg5 Nh5 
15.Ne4 Bxh2+ 16.Kxh2 Qc7+ 17.Kg1 c5 18.Qd6 Qxd6 
19.Nxd6 Bxf3 20.gxf3 h6 21.Be3 Rfd8 22.Rfd1 Rab8 
23.b3 a6 24.Ne4 Rde8 25.Kg2 f5 26.Nxc5 Rb6 27.Nxa6 
Rb7 28.Rd6 Rbe7 29.Nc5 f4 30.Bd4 Kf7 31.Nxe6 R7xe6 
32.Re1 Nf6 33.Bxe6+ Ke7 34.Bc5 Rh8 35.Rc6+ {thank 
you for a very good game - following any king 
move, 36.Rc8 Mate}  Kd8 36.Rc8+ 1-0

[Event "HCL-B286"]
[Site "www.playchess.de"]
[Date "2001.04.23"]
[Round "7"]
[White "Michael_Schenk"]
[Black "Squire_Bob"]
[WhiteElo "1316"]
[BlackElo "1200"]
[PlyCount "48"]
[Result "1/2-1/2"]

1.e4 {Hello from Germany. Have fun!}  c5 {Hello 
from Colorado}  2.c3 Nf6 3.e5 Nd5 4.d4 d6 5.Nf3 
cxd4 6.Qxd4 e6 7.Bc4 Nc6 8.Qe4 dxe5 9.Nxe5 Bd6 
10.Bb5 Qc7 11.Nxc6 bxc6 12.Bd3 Rb8 13.g3 e5 14.O-O 
f5 15.Qg2 O-O 16.c4 Nb4 17.Rd1 e4 18.c5 Nxd3 
19.cxd6 Qxd6 20.Nc3 Qf6 21.Rb1 Ba6 22.Na4 Bb5 
23.Nc3 Bc4 24.f4 Qd4+ 1/2-1/2

[Event "HCL-C278"]
[Site "www.playchess.de"]
[Date "2001.04.23"]
[Round "7"]
[White "andrus"]
[Black "IQ"]
[WhiteElo "1000"]
[BlackElo "1275"]
[PlyCount "47"]
[Result "1-0"]

1.d4 Nf6 2.c4 e6 3.g3 Bb4+ 4.Bd2 Qe7 5.Bg2 O-O 
6.Nf3 Bxd2+ 7.Nbxd2 d6 8.O-O a5 9.e4 e5 10.h3 Na6 
11.Re1 c6 12.Qb3 Rb8 13.dxe5 dxe5 14.Qc3 Qb4 
15.Nxe5 Qxc3 16.bxc3 Nc5 17.Nb3 b6 18.Nxc6 Rb7 
19.e5 Ne8 20.Nxc5 bxc5 21.Nxa5 Rc7 22.a4 f6 
23.Bd5+ Kh8 24.e6 1-0

[Event "HCL-B287"]
[Site "www.playchess.de"]
[Date "2001.04.23"]
[Round "19"]
[White "craigsadler"]
[Black "Gamlet"]
[WhiteElo "815"]
[BlackElo "1434"]
[PlyCount "23"]
[Result "1-0"]

1.e4 e5 2.Nf3 Nf6 3.Nxe5 d6 4.Nf3 Nxe4 5.d4 d5 
6.Bd3 Be7 7.O-O O-O 8.Re1 Nf6 9.h3 Nc6 10.Nc3 Re8 
11.Bg5 h6 12.Bxf6 1-0

[Event "HCL-B290"]
[Site "www.playchess.de"]
[Date "2001.04.23"]
[Round "4"]
[White "craigsadler"]
[Black "marvinni"]
[WhiteElo "815"]
[BlackElo "1500"]
[PlyCount "60"]
[Result "0-1"]

1.e4 c5 2.Nf3 d6 3.d4 cxd4 4.Nxd4 Nf6 5.Nc3 a6 
6.Bc4 e6 7.Bb3 b5 8.O-O Be7 9.Bg5 Qc7 10.f4 Bb7 
11.Bxe6 fxe6 12.Nxe6 Qb6+ 13.Kh1 Nxe4 14.Nxe4 Bxe4 
15.Nxg7+ Kf8 16.Bxe7+ Kxe7 17.Re1 Qc6 18.Nf5+ Kd7 
19.Nd4 Rg8 20.Nxc6 Bxg2+ 21.Kg1 Bf3+ 22.Kf2 Bxd1 
23.Nxb8+ Raxb8 24.Raxd1 Rbf8 25.Kf3 Rg7 26.Re2 
Rgf7 27.Re4 R7f5 28.Red4 R8f6 29.Ke4 R5xf4+ 30.Kd5 
R6f5+ 0-1